Responsabilização administrativa de pessoas jurídicas à luz da lei anticorrupção empresarial / (Record no. 402)

MARC details
000 -LÍDER
Campo Fixo de Controle 00913nam a2200253 a 4500
001 - NÚMERO DE CONTROLE
Campo de Controle 402
003 - IDENTIFICAÇÃO DO NÚMERO DE CONTROLE
Campo de Controle BR-CuiBMT
005 - DATA E HORA DA ÚLTIMA ATUALIZAÇÃO
Campo de Controle 20231129051710.0
008 - DADOS FIXOS
Dados Fixos 230824s2017 mgba 000 0 por d
020 ## - INTERNATIONAL STANDARD BOOK NUMBER
Nº do ISBN 9788545002154
040 ## - AGÊNCIA CATALOGADORA
Código da Agência Catalogadora BR-CuiBMT
Agência que transcreveu o registro BR-CuiBMT
080 ## - Nº DA CLASSIFICAÇÃO DECIMAL UNIVERSAL
Nº Class. CDU 347.19:343.352
Nº edição CDU 2007
090 ## - NÚMERO DE CHAMADA
Nº classificação 347.19:343.352
Cutter R484r
100 1# - ENTRADA PRINCIPAL -- AUTOR PESSOAL
Nome pessoal Ribeiro, Márcio de Aguiar
245 10 - TÍTULO PRINCIPAL
Título principal Responsabilização administrativa de pessoas jurídicas à luz da lei anticorrupção empresarial /
Indicação de responsabilidade Márcio de Aguiar Ribeiro ; Flávio Henrique Unes Pereira prefácio.
260 ## - PUBLICAÇÃO, DISTRIBUIÇÃO, ETC.
Local de publicação Belo Horizonte :
Editora Fórum,
Data 2017.
300 ## - DESCRIÇÃO FÍSICA
N. páginas ou volumes 345 p. :
Ilustrações il. ;
Dimensões 22 cm
504 ## - NOTA DE BIBLIOGRAFIA, ETC.
Nota de bibliografia Inclui bibliografia.
650 ## - ASSUNTO TÓPICO
Cabeçalho tópico ou nome geográfico Processo administrativo
Subdivisão geográfica Brasil
650 ## - ASSUNTO TÓPICO
Cabeçalho tópico ou nome geográfico Corrupção
Subdivisão de forma Legislação
Subdivisão geográfica Brasil
650 ## - ASSUNTO TÓPICO
Cabeçalho tópico ou nome geográfico Administração pública
Subdivisão geral Transparência
Subdivisão geográfica Brasil
650 ## - ASSUNTO TÓPICO
Cabeçalho tópico ou nome geográfico Pessoas jurídicas
Subdivisão geral Corrupção
Subdivisão geográfica Brasil
942 ## - ELEMENTOS DE ENTRADA ADICIONAIS (KOHA)
Fonte de classificação ou esquema de arquivamento Classificação Decimal Universal
Tipo de item do Koha Livros
Holdings
Estado: removido Estado: perdido Fonte de classificação ou esquema de arquivamento Estado: danificado Indisponível para empréstimo Localização permanente Localização atual Data de aquisição Total Checkouts Número de Chamada completo Código de barras Date last seen Número do exemplar Preço efetivo a partir de Tipo de item (Koha)
    Classificação Decimal Universal     Biblioteca da Escola Superior de Contas do TCE/MT Biblioteca da Escola Superior de Contas do TCE/MT 03/11/2023   347.19:343.352 R484r BIBTCEMT23110121 03/11/2023 Ex. 1 03/11/2023 Livros
    Classificação Decimal Universal     Biblioteca da Escola Superior de Contas do TCE/MT Biblioteca da Escola Superior de Contas do TCE/MT 03/11/2023   347.19:343.352 R484r BIBTCEMT23110122 03/11/2023 Ex. 2 03/11/2023 Livros

Powered by Koha